000 00878nam a2200265Ia 4500
003 OSt
005 20220928113713.0
006 a|||||r|||| 00| 0
007 ta
008 220927b |||||||| |||| 00| 0 eng d
020 _c6195.1499999999996
024 _a69002
037 _b3390, 30/11/2010, New India Book Agency
_cTextual
040 _aSDCL
_cSDCL
_beng
041 _2eng
_aeng
082 _aG9M, Q0
100 _aDeamer David Ed.
_9434575
245 0 _aOrigins of life
_b A subject collection from cold spring harbor perspectves in biology.
260 _aNew York
_b Cold Spring Harbor Laboratory Press
_c2010
300 _avii,318p.
_ccm.
650 _aGenetics
700 _a Szostak Jack W Ed.
_9434576
942 _hG9M, Q0
_cTEXL
_2CC
999 _c750889
_d750889